|
|
|
|
| LEADER |
00805nam a22002172a 4500 |
| 001 |
001724013 |
| 003 |
CZ BrMZK |
| 005 |
20200210121422.0 |
| 007 |
ta |
| 008 |
200104s1966 xxu er|||||||||||eng d |
| 040 |
|
|
|a BOA001
|b cze
|e aacr2
|
| 100 |
1 |
|
|a Brožek, Josef,
|d 1875-1935
|7 jk01013248
|4 aut
|
| 245 |
1 |
0 |
|a Sovistica in English :
|b in the Press, in the Works, on the Drawing Board /
|c J. Brožek, J. Hoskovec
|
| 260 |
|
|
|a Washington :
|b Amer. Psychol. Assoc.,
|c 1966
|
| 300 |
|
|
|a s. 382-383
|
| 700 |
1 |
|
|a Hoskovec, Jiří,
|d 1933-2011
|7 jk01042371
|4 aut
|
| 772 |
0 |
8 |
|i Zvláštní otisk ze seriálu:
|t Contemporary Psychology,
|g 1966, vol.11, no.8
|
| 910 |
|
|
|a BOA001
|b X2-0618.050
|
| 990 |
|
|
|a BK
|
| 991 |
|
|
|b 202001
|
| 996 |
7 |
|
|b 2618843808
|c X2-0618.050
|l MZK
|r Sklad / do 24 hodin
|n 0
|w 001775528
|u 000010
|a 1
|e BOA001
|j MZK50
|s A
|